000 00315nam a2200133 4500
999 _c508592
_d508592
008 190402b ||||| |||| 00| 0 eng d
100 _aRout, Akshay
_94011
245 _aSanitation as everyone's business
260 _c2018
300 _ap.52-56.
773 _aYojana
906 _aSanitation
942 _2ddc
_cAR